00366nam a2200145Ia 4500008004100000020001500041041000800056082001600064100002400080245003800104250000600142260004000148300001100188650002100199210716s1997 xx 000 0 und d a0471160784 aeng a338.04 BYGW aBygrave, William D. aPortable MBA in entrepreneurship. a1 aNew YorkbJohn Wiley and Sonsc1997 axv,510 aEntrepreneurship